[Event "35t. Copenhagen Open (Politiken Cup)"]
[Site "Elsinore"]
[Date "2013.07.29"]
[Round "4"]
[White "Smerdon, David"]
[Black "Aabling Thomsen, Jakob"]
[Result "1/2-1/2"]
[WhiteElo "2521"]
[BlackElo "2370"]
[PlyCount "61"]
[EventDate "2013.07.27"]
[EventType "swiss"]
[EventRounds "10"]
[EventCountry "DEN"]
[Source "ChessBase"]
[SourceDate "2013.08.26"]

1. e4 d6 2. d4 Nf6 3. Nc3 g6 4. f4 Bg7 5. Nf3 c5 6. dxc5 Qa5 7. Qd4 Nc6 8. Bb5
dxc5 9. Qa4 Qxa4 10. Bxa4 Bd7 11. e5 Ng4 12. h3 Nh6 13. Be3 b6 14. Nd5 Rc8 15.
O-O-O Nxe5 16. fxe5 Bxa4 17. Bg5 Ng8 18. Rd3 Bc6 19. Rhd1 f6 20. exf6 Nxf6 21.
Nxe7 Kxe7 22. Re3+ Kf8 23. Ne5 Kg8 24. Rf1 Bxg2 25. Rxf6 Bxf6 26. Bxf6 Rf8 27.
Ng4 h5 28. Re7 Rh7 29. Nh6+ Rxh6 30. Rg7+ Kh8 31. Rf7+ 1/2-1/2

[Event "35t. Copenhagen Open (Politiken Cup)"]
[Site "Elsinore"]
[Date "2013.07.29"]
[Round "4"]
[White "Sorensen, Bernhard W"]
[Black "Narheim, Mats"]
[Result "1-0"]
[WhiteElo "1591"]
[BlackElo "1315"]
[PlyCount "51"]
[EventDate "2013.07.27"]
[EventType "swiss"]
[EventRounds "10"]
[EventCountry "DEN"]
[Source "ChessBase"]
[SourceDate "2013.08.26"]

1. e4 d5 2. exd5 Qxd5 3. Nc3 Qa5 4. d4 Bf5 5. Nf3 e6 6. Bd2 c6 7. Bc4 Bb4 8. a3
Bd6 9. Ne4 Qc7 10. Nxd6+ Qxd6 11. O-O Nd7 12. Re1 O-O-O 13. c3 h5 14. Ng5 Qe7
15. Qf3 Ngf6 16. h3 Nh7 17. Qxf5 Nb6 18. Bb3 Nd5 19. Qxf7 Nxg5 20. Qxe7 Nxe7
21. Bxg5 Rd5 22. Bxe7 Rb5 23. Bxe6+ Kc7 24. b4 Rg5 25. Bxg5 g6 26. Bf7 1-0

[Event "35t. Copenhagen Open (Politiken Cup)"]
[Site "Elsinore"]
[Date "2013.07.29"]
[Round "4"]
[White "Spanton, Timothy"]
[Black "Jorgensen, Dennis"]
[Result "0-1"]
[WhiteElo "2015"]
[BlackElo "2245"]
[PlyCount "81"]
[EventDate "2013.07.27"]
[EventType "swiss"]
[EventRounds "10"]
[EventCountry "DEN"]
[Source "ChessBase"]
[SourceDate "2013.08.26"]

1. e4 c6 2. d4 d5 3. exd5 cxd5 4. Bd3 Nc6 5. c3 Qc7 6. Nf3 Bg4 7. Nbd2 e6 8.
O-O Bd6 9. Be2 Nf6 10. Re1 O-O 11. Nf1 Ne4 12. Ng5 Bf5 13. Nxe4 Bxe4 14. Bg5
Rab8 15. Bd3 Bxd3 16. Qxd3 b5 17. a3 a5 18. Re3 h6 19. Rh3 Ne7 20. Bxe7 Qxe7
21. Ng3 b4 22. axb4 axb4 23. Re1 Qg5 24. Rh5 Qf6 25. Rh3 bxc3 26. bxc3 Rb2 27.
Ne2 Qg5 28. Qe3 Qg6 29. Nf4 Qg4 30. Nd3 Rc2 31. Ne5 Qf5 32. Rf3 Qe4 33. Qxe4
dxe4 34. Rfe3 f5 35. f3 Bxe5 36. dxe5 exf3 37. Rxf3 Rd8 38. h4 Rdd2 39. g3 Kh7
40. Ree3 g6 41. Rd3 0-1

[Event "35t. Copenhagen Open (Politiken Cup)"]
[Site "Elsinore"]
[Date "2013.07.29"]
[Round "4"]
[White "Starup, Leo"]
[Black "Thybo, Thomas Sondergaard"]
[Result "1/2-1/2"]
[WhiteElo "1686"]
[BlackElo "1512"]
[PlyCount "47"]
[EventDate "2013.07.27"]
[EventType "swiss"]
[EventRounds "10"]
[EventCountry "DEN"]
[Source "ChessBase"]
[SourceDate "2013.08.26"]

1. d4 Nf6 2. c4 g6 3. Nc3 Bg7 4. Nf3 O-O 5. e4 d6 6. Be2 Bg4 7. h3 Bxf3 8. Bxf3
Nbd7 9. O-O e5 10. d5 Nc5 11. Re1 Nfd7 12. b4 Na6 13. a3 f5 14. Ra2 Qh4 15. Qd2
f4 16. Rc2 b6 17. Qe2 Nab8 18. Nb5 Na6 19. Nc3 Nab8 20. Nb5 Na6 21. Nc3 Nf6 22.
c5 Nb8 23. c6 a5 24. b5 1/2-1/2

[Event "35t. Copenhagen Open (Politiken Cup)"]
[Site "Elsinore"]
[Date "2013.07.29"]
[Round "4"]
[White "Strachan, Christian C"]
[Black "Jorgensen, Orla Eilegaard"]
[Result "1/2-1/2"]
[WhiteElo "1873"]
[BlackElo "1614"]
[PlyCount "94"]
[EventDate "2013.07.27"]
[EventType "swiss"]
[EventRounds "10"]
[EventCountry "DEN"]
[Source "ChessBase"]
[SourceDate "2013.08.26"]

1. e4 c5 2. c3 d6 3. d4 cxd4 4. cxd4 Nf6 5. Nc3 g6 6. Be2 Bg7 7. Be3 a6 8. Qd2
b5 9. a3 Bb7 10. Bf3 Nbd7 11. Nge2 Rc8 12. e5 Bxf3 13. exf6 Bxg2 14. fxg7 Rg8
15. Rg1 Bh3 16. Ng3 Rxg7 17. Bh6 Rg8 18. Nce4 Nb6 19. Ng5 Bd7 20. Qe2 Nd5 21.
N5e4 Rc6 22. Nh5 f5 23. Nef6+ Nxf6 24. Nxf6+ Kf7 25. Nxg8 Kxg8 26. Rg3 d5 27.
Bg5 Re6 28. Re3 Rxe3 29. Qxe3 Kf7 30. Kf1 Qe8 31. Re1 e6 32. Qe5 Kg8 33. Bh6
Qf7 34. Qf4 b4 35. Bg5 Qf8 36. axb4 Qxb4 37. Qd2 Qd6 38. Qc1 Qxh2 39. Ke2 Bb5+
40. Ke3 Qg2 41. Kf4 Qe4+ 42. Kg3 Qg4+ 43. Kh2 Qh5+ 44. Kg3 Qg4+ 45. Kh2 Qh5+
46. Kg3 Qg4+ 47. Kh2 Qh5+ 1/2-1/2

[Event "35t. Copenhagen Open (Politiken Cup)"]
[Site "Elsinore"]
[Date "2013.07.29"]
[Round "4"]
[White "Stray, Gunnar"]
[Black "Torkilseng, Runar"]
[Result "1-0"]
[WhiteElo "2056"]
[BlackElo "1827"]
[PlyCount "81"]
[EventDate "2013.07.27"]
[EventType "swiss"]
[EventRounds "10"]
[EventCountry "DEN"]
[Source "ChessBase"]
[SourceDate "2013.08.26"]

1. d4 d5 2. Nf3 c6 3. e3 Nf6 4. c4 e6 5. Nbd2 Nbd7 6. Bd3 Be7 7. b3 O-O 8. Bb2
b6 9. O-O Bb7 10. Rc1 c5 11. Ne5 cxd4 12. exd4 Rc8 13. Qe2 dxc4 14. bxc4 g6 15.
f4 a6 16. Qe3 Nxe5 17. fxe5 Ng4 18. Qe2 Bg5 19. Qxg4 Bxd2 20. Rcd1 Qg5 21. Qxg5
Bxg5 22. Rfe1 Rfd8 23. Bf1 Rd7 24. g3 Rcd8 25. h4 Be7 26. Rb1 Bb4 27. Re3 Ba5
28. Ba1 Bd2 29. Reb3 Be4 30. Rd1 Ba5 31. Ra3 Bc2 32. Rc1 Be4 33. Kf2 Bd2 34.
Rd1 Ba5 35. Ke3 Bb7 36. Rb1 Bc6 37. c5 Bb5 38. Bxb5 axb5 39. Rxb5 Be1 40. Ke2
bxc5 41. Kxe1 1-0

[Event "35t. Copenhagen Open (Politiken Cup)"]
[Site "Elsinore"]
[Date "2013.07.29"]
[Round "4"]
[White "Suntharalingam, Jarani"]
[Black "Nordin, Eric"]
[Result "0-1"]
[WhiteElo "1644"]
[BlackElo "1874"]
[PlyCount "88"]
[EventDate "2013.07.27"]
[EventType "swiss"]
[EventRounds "10"]
[EventCountry "DEN"]
[Source "ChessBase"]
[SourceDate "2013.08.26"]

1. e4 d6 2. d4 Nf6 3. Nc3 g6 4. Be3 c6 5. Be2 b5 6. a3 a5 7. Bd3 Ba6 8. h3 Nbd7
9. Nf3 Qb8 10. O-O c5 11. Nd2 Bg7 12. f4 Nh5 13. Ne2 c4 14. Bxc4 bxc4 15. e5 c3
16. bxc3 Bxe2 17. Qxe2 Ng3 18. Qf3 Nxf1 19. Rxf1 O-O 20. Rb1 Qc7 21. Bf2 Rab8
22. Rb3 a4 23. Rb1 Rxb1+ 24. Nxb1 Qb6 25. Nd2 Qb2 26. Nc4 Qxc2 27. exd6 exd6
28. Nxd6 Qc1+ 29. Kh2 Qxa3 30. Nb5 Qb2 31. c4 Qb3 32. Qc6 Nb8 33. Qc5 Na6 34.
Qc6 Nb4 35. Qc7 Nd3 36. Bg3 a3 37. Qa5 a2 38. Nc3 Bxd4 39. Nxa2 Qb1 40. h4 Qg1+
41. Kh3 Nf2+ 42. Bxf2 Bxf2 43. Qg5 Qh1+ 44. Kg4 Qxg2# 0-1

[Event "35t. Copenhagen Open (Politiken Cup)"]
[Site "Elsinore"]
[Date "2013.07.29"]
[Round "4"]
[White "Svane, Rasmus"]
[Black "Melkumyan, Hrant"]
[Result "0-1"]
[WhiteElo "2427"]
[BlackElo "2632"]
[PlyCount "108"]
[EventDate "2013.07.27"]
[EventType "swiss"]
[EventRounds "10"]
[EventCountry "DEN"]
[Source "ChessBase"]
[SourceDate "2013.08.26"]

1. Nf3 Nf6 2. c4 c5 3. g3 Nc6 4. Nc3 g6 5. Bg2 d6 6. d4 cxd4 7. Nxd4 Bd7 8. b3
Bg7 9. Bb2 O-O 10. O-O Qa5 11. e3 Rfc8 12. Qd2 Rab8 13. Rfd1 Qh5 14. Nd5 Nxd5
15. cxd5 Nxd4 16. Bxd4 Bxd4 17. exd4 Bh3 18. Bxh3 Qxh3 19. Re1 Rc7 20. Qg5 h6
21. Qf4 Rbc8 22. Rac1 g5 23. Qe3 Qf5 24. Rxc7 Rxc7 25. Qe4 Qxe4 26. Rxe4 f6 27.
Kg2 Kf7 28. Kf3 h5 29. h3 b5 30. Re2 b4 31. Rd2 Rc1 32. Ke2 Kg6 33. Kf3 Rc3+
34. Kg2 g4 35. hxg4 hxg4 36. Kf1 Rc1+ 37. Kg2 Rc3 38. Kf1 a5 39. Re2 Rc1+ 40.
Kg2 Kf7 41. Rd2 Rc3 42. Kf1 Rf3 43. Ke2 Rf5 44. Rc2 Rxd5 45. Rc4 Ke6 46. Ke3
Rf5 47. Rc7 Rf3+ 48. Ke2 a4 49. bxa4 Ra3 50. Rc2 Kd5 51. Rb2 Rxa4 52. Ke3 f5
53. Kf4 e6 54. Rd2 b3 0-1

[Event "35t. Copenhagen Open (Politiken Cup)"]
[Site "Elsinore"]
[Date "2013.07.29"]
[Round "4"]
[White "Svendsen, Petter"]
[Black "Rorvik, Jon Fredrik"]
[Result "0-1"]
[WhiteElo "1974"]
[BlackElo "2154"]
[PlyCount "100"]
[EventDate "2013.07.27"]
[EventType "swiss"]
[EventRounds "10"]
[EventCountry "DEN"]
[Source "ChessBase"]
[SourceDate "2013.08.26"]

1. d4 d5 2. c4 e6 3. Nc3 Nf6 4. Bg5 c6 5. e3 Nbd7 6. Nf3 Bd6 7. Be2 O-O 8. O-O
h6 9. Bh4 b6 10. cxd5 exd5 11. Rc1 Bb7 12. Qa4 Qe7 13. Rfd1 a5 14. Qc2 Rfe8 15.
Qf5 g6 16. Bxf6 Nxf6 17. Qh3 Kg7 18. Na4 Qd8 19. Bd3 Bc7 20. g3 Bc8 21. Qg2 Bd7
22. b3 Qe7 23. Rd2 Rab8 24. Rdc2 Bd6 25. h4 Rec8 26. Nc3 Re8 27. Ne2 Ne4 28.
Nd2 f5 29. Bxe4 fxe4 30. Nf1 Rf8 31. Nf4 Rf7 32. Qh2 Rbf8 33. h5 Bxf4 34. hxg6
Bxe3 35. Nxe3 Rf6 36. Qh5 Rxg6 37. Kg2 Qg5 38. Qe2 Rgf6 39. Rh1 Rf3 40. Qe1 Qg6
41. Rh4 Qf6 42. Qd2 Rf7 43. a4 Kh7 44. Rh5 Rg7 45. b4 Rfxg3+ 46. fxg3 Qf3+ 47.
Kg1 Qxh5 48. bxa5 Rxg3+ 49. Ng2 bxa5 50. Qf4 Qd1+ 0-1

[Event "35t. Copenhagen Open (Politiken Cup)"]
[Site "Elsinore"]
[Date "2013.07.29"]
[Round "4"]
[White "Szucs, Michell Daniel"]
[Black "Rasmussen, Ole H"]
[Result "0-1"]
[WhiteElo "1504"]
[BlackElo "1727"]
[PlyCount "70"]
[EventDate "2013.07.27"]
[EventType "swiss"]
[EventRounds "10"]
[EventCountry "DEN"]
[Source "ChessBase"]
[SourceDate "2013.08.26"]

1. b3 e5 2. Bb2 d6 3. e3 Nf6 4. Nf3 Be7 5. Be2 O-O 6. c4 c5 7. d3 Nc6 8. e4 Nd4
9. Nxd4 cxd4 10. Nd2 Bd7 11. O-O b5 12. Rc1 Qb6 13. a3 a5 14. Rb1 Be6 15. f4 g6
16. f5 Bd7 17. g4 Ne8 18. Qe1 Bg5 19. h4 Bxd2 20. Qxd2 Qd8 21. g5 f6 22. Bc1
fxg5 23. hxg5 gxf5 24. exf5 Bxf5 25. Bf3 Ra7 26. Bd5+ Kh8 27. Qh2 Rg7 28. Be4
Qd7 29. cxb5 d5 30. Bxf5 Rxf5 31. a4 Rxf1+ 32. Kxf1 Qf5+ 33. Ke2 e4 34. Qg3
exd3+ 35. Qxd3 Re7+ 0-1

[Event "35t. Copenhagen Open (Politiken Cup)"]
[Site "Elsinore"]
[Date "2013.07.29"]
[Round "4"]
[White "Tari, Aryan"]
[Black "Maze, Sebastien"]
[Result "0-1"]
[WhiteElo "2383"]
[BlackElo "2547"]
[PlyCount "124"]
[EventDate "2013.07.27"]
[EventType "swiss"]
[EventRounds "10"]
[EventCountry "DEN"]
[Source "ChessBase"]
[SourceDate "2013.08.26"]

1. e4 c5 2. Nf3 Nc6 3. d4 cxd4 4. Nxd4 g6 5. Nc3 Bg7 6. Be3 Nf6 7. Bc4 Qa5 8.
O-O O-O 9. Bb3 d6 10. h3 Bd7 11. Re1 Rfc8 12. Qe2 Qh5 13. Nf3 Na5 14. Rad1 Nxb3
15. axb3 Bc6 16. Bg5 h6 17. Bxf6 Bxf6 18. Nd5 Bxd5 19. Rxd5 g5 20. c3 Rc6 21.
Qd2 Qg6 22. e5 dxe5 23. Nxe5 Bxe5 24. Rexe5 Qf6 25. Rf5 Qe6 26. Rde5 Qc8 27.
Qd3 e6 28. Rf3 Qc7 29. Qe3 Rd8 30. Rg3 Rcd6 31. h4 Rd1+ 32. Kh2 R1d3 33. Qc5
Qxc5 34. Rxc5 Rxg3 35. fxg3 gxh4 36. gxh4 Rd7 37. b4 Kg7 38. Kh3 f5 39. Rc8 e5
40. Re8 Kf6 41. Rf8+ Kg6 42. Re8 Rd3+ 43. Kh2 e4 44. Re7 Rd2 45. Kg3 Rd1 46.
Rxb7 Rf1 47. Rxa7 f4+ 48. Kh2 e3 49. Re7 Rb1 50. b5 Rxb2 51. c4 h5 52. b6 Rxb6
53. g3 Kf5 54. gxf4 Kxf4 55. Kg2 Rb1 56. Rf7+ Ke4 57. Re7+ Kd3 58. Rd7+ Ke2 59.
c5 Rc1 60. Rd5 Rc2 61. Re5 Kd1+ 62. Kf3 e2 0-1

[Event "35t. Copenhagen Open (Politiken Cup)"]
[Site "Elsinore"]
[Date "2013.07.29"]
[Round "4"]
[White "Teplyi, Igor"]
[Black "Haubro, Martin"]
[Result "1-0"]
[WhiteElo "2409"]
[BlackElo "2201"]
[PlyCount "123"]
[EventDate "2013.07.27"]
[EventType "swiss"]
[EventRounds "10"]
[EventCountry "DEN"]
[Source "ChessBase"]
[SourceDate "2013.08.26"]

1. Nf3 Nf6 2. c4 c5 3. Nc3 Nc6 4. g3 g6 5. d4 cxd4 6. Nxd4 Nxd4 7. Qxd4 Bg7 8.
Bg2 O-O 9. O-O d6 10. Qd3 Qa5 11. h3 Rb8 12. Bd2 Be6 13. Nb5 Qa6 14. b3 Rfc8
15. a4 Nd7 16. Rac1 Ne5 17. Qe3 Nc6 18. Kh2 b6 19. Bc3 Bxc3 20. Rxc3 Nd8 21. f4
Qa5 22. g4 a6 23. Nd4 Rc7 24. Kh1 Bc8 25. f5 Qe5 26. Qd2 Bb7 27. Re3 Qf6 28.
Kg1 Bxg2 29. Kxg2 Qg5 30. f6 exf6 31. Rf5 Qh6 32. Re8+ Kg7 33. Rg8+ Kxg8 34.
Qxh6 gxf5 35. Nxf5 Ne6 36. Qxf6 Rd8 37. Nh6+ Kf8 38. Nxf7 Rxf7 39. Qxe6 Re7 40.
Qf6+ Ke8 41. Qd4 Rxe2+ 42. Kf3 Re5 43. Qxb6 a5 44. h4 Rd7 45. Qb8+ Rd8 46. Qc7
Rd7 47. Qc6 Ke7 48. g5 Rd8 49. Kg4 h6 50. Qb7+ Rd7 51. Qf3 hxg5 52. hxg5 Rd8
53. Qf6+ Kd7 54. Qf7+ Kc6 55. Qf3+ Kc7 56. Qf6 Ra8 57. Qf7+ Kb6 58. Qd7 Re4+
59. Kf3 Rd4 60. Ke3 Rd1 61. c5+ Kxc5 62. Qb5# 1-0

[Event "35t. Copenhagen Open (Politiken Cup)"]
[Site "Elsinore"]
[Date "2013.07.29"]
[Round "4"]
[White "Thaler, Toni"]
[Black "Lund, Silas"]
[Result "0-1"]
[WhiteElo "2091"]
[BlackElo "2421"]
[PlyCount "52"]
[EventDate "2013.07.27"]
[EventType "swiss"]
[EventRounds "10"]
[EventCountry "DEN"]
[Source "ChessBase"]
[SourceDate "2013.08.26"]

1. d4 Nf6 2. c4 e6 3. Nf3 c5 4. d5 b5 5. Bg5 Qa5+ 6. Qd2 Qxd2+ 7. Nbxd2 bxc4 8.
Bxf6 gxf6 9. e4 Bb7 10. Bxc4 Na6 11. O-O-O Rg8 12. Ne1 Nc7 13. Nb3 a5 14. a4
exd5 15. Bxd5 Nxd5 16. exd5 Rg4 17. Nc2 Rxa4 18. Rhe1+ Kd8 19. d6 Rc8 20. Ne3
c4 21. Nd4 Bxd6 22. Nef5 Bb4 23. Re3 Ra1+ 24. Kc2 Rxd1 25. Kxd1 c3 26. bxc3
Rxc3 0-1

[Event "35t. Copenhagen Open (Politiken Cup)"]
[Site "Elsinore"]
[Date "2013.07.29"]
[Round "4"]
[White "Tryggestad, Andreas Garberg"]
[Black "Quinn, David"]
[Result "0-1"]
[WhiteElo "1774"]
[BlackElo "1983"]
[PlyCount "58"]
[EventDate "2013.07.27"]
[EventType "swiss"]
[EventRounds "10"]
[EventCountry "DEN"]
[Source "ChessBase"]
[SourceDate "2013.08.26"]

1. e4 e5 2. Nf3 Nc6 3. Bb5 a6 4. Bxc6 dxc6 5. O-O Qd6 6. Na3 f6 7. c3 Be6 8. d4
O-O-O 9. Be3 Nh6 10. h3 Nf7 11. Qe2 Qd7 12. Rfd1 Bd6 13. c4 exd4 14. Nxd4 a5
15. Nf3 Qe7 16. Nb1 g5 17. Nc3 h5 18. Nd5 Bxd5 19. exd5 g4 20. Nh4 Qe5 21. g3
Rdg8 22. Qc2 f5 23. Qxf5+ Qxf5 24. Nxf5 Ne5 25. Rac1 gxh3 26. Kh2 h4 27. gxh4
Nf3+ 28. Kxh3 Nxh4 29. Bd4 Rh7 0-1

[Event "35t. Copenhagen Open (Politiken Cup)"]
[Site "Elsinore"]
[Date "2013.07.29"]
[Round "4"]
[White "Undheim, Bjarne"]
[Black "Thybo, Jan"]
[Result "1-0"]
[WhiteElo "1838"]
[BlackElo "1303"]
[PlyCount "41"]
[EventDate "2013.07.27"]
[EventType "swiss"]
[EventRounds "10"]
[EventCountry "DEN"]
[Source "ChessBase"]
[SourceDate "2013.08.26"]

1. e4 d6 2. d4 g6 3. Nf3 Bg7 4. Be3 Nf6 5. Nc3 O-O 6. Qd2 Ng4 7. Bg5 f6 8. Bc4+
Kh8 9. Bh4 g5 10. Bg3 Nc6 11. h4 Bh6 12. hxg5 fxg5 13. O-O-O Nxf2 14. Bxf2 Rf6
15. Be3 Qf8 16. Bxg5 Bxg5 17. Nxg5 h6 18. Nf7+ Rxf7 19. Bxf7 Qxf7 20. Qxh6+ Kg8
21. Qh8# 1-0

[Event "35t. Copenhagen Open (Politiken Cup)"]
[Site "Elsinore"]
[Date "2013.07.29"]
[Round "4"]
[White "Vistisen, Lars"]
[Black "Argandona Riveiro, Inigo"]
[Result "0-1"]
[WhiteElo "2177"]
[BlackElo "2388"]
[PlyCount "112"]
[EventDate "2013.07.27"]
[EventType "swiss"]
[EventRounds "10"]
[EventCountry "DEN"]
[Source "ChessBase"]
[SourceDate "2013.08.26"]

1. e4 g6 2. d4 Bg7 3. Nf3 c6 4. Bd3 d5 5. Nbd2 Bg4 6. c3 dxe4 7. Nxe4 Nf6 8. h3
Bxf3 9. Nxf6+ Bxf6 10. Qxf3 Nd7 11. Bh6 e6 12. O-O Bg5 13. Bxg5 Qxg5 14. Rfe1
O-O 15. Re4 Rad8 16. h4 Qf6 17. Qg3 Qg7 18. Rae1 Nf6 19. Re5 Rd5 20. Bc4 Rxe5
21. Qxe5 Nd5 22. Qxg7+ Kxg7 23. g3 b5 24. Bb3 a5 25. a3 Nb6 26. Kf1 Rd8 27. Ke2
Kf6 28. Ke3 a4 29. Ba2 Nc4+ 30. Kd3 Nb6 31. Kc2 h6 32. Kc1 Kf5 33. f3 Kf6 34.
Bb1 Nc4 35. Bd3 Na5 36. Kc2 Rd5 37. Re2 g5 38. Rh2 gxh4 39. Rxh4 Kg7 40. f4 f5
41. Rh2 Nc4 42. Re2 Kf6 43. Kc1 Nb6 44. Rh2 Kg7 45. g4 fxg4 46. Be4 Rf5 47.
Bxc6 h5 48. Be8 Nd5 49. Rxh5 Rxh5 50. Bxh5 g3 51. Bf3 Nxf4 52. c4 Ne2+ 53. Kd2
Nxd4 54. Ke3 Nxf3 55. Kxf3 bxc4 56. Kxg3 Kf6 0-1

[Event "35t. Copenhagen Open (Politiken Cup)"]
[Site "Elsinore"]
[Date "2013.07.29"]
[Round "4"]
[White "Wiberg, Jonas"]
[Black "Kistrup, Nicolai"]
[Result "1/2-1/2"]
[WhiteElo "1877"]
[BlackElo "1623"]
[PlyCount "77"]
[EventDate "2013.07.27"]
[EventType "swiss"]
[EventRounds "10"]
[EventCountry "DEN"]
[Source "ChessBase"]
[SourceDate "2013.08.26"]

1. d4 Nf6 2. Nf3 g6 3. Bg5 Bg7 4. Nbd2 b6 5. e3 Bb7 6. Bd3 O-O 7. O-O d6 8. Qe2
Nbd7 9. Rfd1 e5 10. dxe5 Nxe5 11. Nxe5 dxe5 12. Ne4 Qe7 13. Nxf6+ Bxf6 14. Bxf6
Qxf6 15. e4 Rad8 16. f3 Qe7 17. Qe3 Qb4 18. b3 Qd4 19. Kf2 c5 20. Qxd4 cxd4 21.
a4 a6 22. g4 g5 23. Bc4 Kg7 24. h4 h6 25. Rh1 Rh8 26. Rh2 Rh7 27. Rah1 Rdh8 28.
hxg5 hxg5 29. Rxh7+ Rxh7 30. Rxh7+ Kxh7 31. Bxf7 Kg7 32. Bc4 a5 33. Ke2 Kf6 34.
Kd3 Ke7 35. c3 dxc3 36. Kxc3 Kd6 37. b4 Bc6 38. Kb3 Bd7 39. b5 1/2-1/2

[Event "35t. Copenhagen Open (Politiken Cup)"]
[Site "Elsinore"]
[Date "2013.07.29"]
[Round "4"]
[White "Wimo, Jorgen"]
[Black "Skjolas, Erling Dyrhaug"]
[Result "1-0"]
[WhiteElo "1714"]
[BlackElo "1581"]
[PlyCount "81"]
[EventDate "2013.07.27"]
[EventType "swiss"]
[EventRounds "10"]
[EventCountry "DEN"]
[Source "ChessBase"]
[SourceDate "2013.08.26"]

1. e4 e6 2. Nf3 d5 3. exd5 exd5 4. d4 Bd6 5. Bd3 Ne7 6. c3 Bf5 7. O-O Bxd3 8.
Qxd3 O-O 9. Ng5 Ng6 10. Nh3 c6 11. f4 Qc7 12. g3 Nd7 13. f5 Ne7 14. Nd2 Nf6 15.
Nf4 Qd7 16. Ng2 c5 17. Qf3 cxd4 18. cxd4 g6 19. Nb3 Qxf5 20. Qxf5 Nxf5 21. Bf4
Ne4 22. Bxd6 Nexd6 23. Rac1 Rac8 24. g4 Ne7 25. Nf4 Rc4 26. h3 Rfc8 27. Rce1
R8c7 28. Nd3 Nc6 29. Kg2 Ne4 30. Rc1 Nxd4 31. Nxd4 Rxd4 32. Rxc7 Rxd3 33. Rfxf7
Rd2+ 34. Kf1 Rd1+ 35. Ke2 Rd2+ 36. Ke3 Rxb2 37. Rg7+ Kf8 38. Rxh7 Kg8 39. Rhd7
Rf2 40. Rxd5 Rf8 41. Kxe4 1-0

[Event "35t. Copenhagen Open (Politiken Cup)"]
[Site "Elsinore"]
[Date "2013.07.30"]
[Round "5"]
[White "Aabling Thomsen, Jakob"]
[Black "Kunin, Vitaly"]
[Result "1-0"]
[WhiteElo "2370"]
[BlackElo "2502"]
[PlyCount "143"]
[EventDate "2013.07.27"]
[EventType "swiss"]
[EventRounds "10"]
[EventCountry "DEN"]
[Source "ChessBase"]
[SourceDate "2013.08.26"]

1. e4 c5 2. Nf3 b6 3. d4 cxd4 4. Nxd4 Bb7 5. Nc3 a6 6. Bd3 e6 7. O-O Qc7 8. Qe2
Bb4 9. Bd2 Nc6 10. Nd5 Qd6 11. Bxb4 Nxb4 12. Nxb4 Qxb4 13. c3 Qc5 14. Qg4 g6
15. Qh4 Qe7 16. Qg3 d6 17. f4 Nf6 18. Rae1 Nd7 19. e5 b5 20. f5 Nxe5 21. fxe6
fxe6 22. Rxe5 dxe5 23. Bxg6+ hxg6 24. Qxg6+ Kd8 25. Rf7 Qh4 26. Nxe6+ Kc8 27.
Rc7+ Kb8 28. Rxb7+ Kxb7 29. Nc5+ Kc7 30. Qf7+ Kc6 31. Qe6+ Kxc5 32. b4+ Qxb4
33. Qxe5+ Kc6 34. cxb4 Rae8 35. Qc5+ Kb7 36. Qd5+ Kb6 37. Qc5+ Kb7 38. Qd5+ Kb6
39. h3 Re1+ 40. Kh2 Rhe8 41. h4 R8e4 42. Qc5+ Kb7 43. g3 Re5 44. Qd6 R5e2+ 45.
Kh3 Re5 46. Qg6 R5e4 47. h5 R4e2 48. h6 Rh1+ 49. Kg4 Reh2 50. Kg5 Rh3 51. g4
Rh4 52. Qe4+ Kb6 53. Qe3+ Kb7 54. Qf3+ Kc8 55. Qa8+ Kd7 56. Qxa6 Ke7 57. Qb7+
Kd8 58. Qb8+ Ke7 59. Qe5+ Kd8 60. Qf4 Kd7 61. Kg6 Kc6 62. Qf3+ Kd6 63. g5 R1h3
64. Qf6+ Kd5 65. Qf5+ Kd4 66. Qxb5 Kc3 67. Qa5 Rd3 68. Qc5+ Rc4 69. h7 Rxc5 70.
bxc5 Rd8 71. Kg7 Rd7+ 72. Kh6 1-0

[Event "35t. Copenhagen Open (Politiken Cup)"]
[Site "Elsinore"]
[Date "2013.07.30"]
[Round "5"]
[White "Andersen, Dag"]
[Black "Petersen, Peter Birk"]
[Result "0-1"]
[WhiteElo "1860"]
[BlackElo "2155"]
[PlyCount "112"]
[EventDate "2013.07.27"]
[EventType "swiss"]
[EventRounds "10"]
[EventCountry "DEN"]
[Source "ChessBase"]
[SourceDate "2013.08.26"]

1. d4 g6 2. Nf3 Bg7 3. e4 d6 4. Nc3 a6 5. h3 Nd7 6. Bd3 c5 7. Be3 b5 8. a3 Bb7
9. O-O Qc7 10. Nd5 Bxd5 11. exd5 c4 12. Be4 Ngf6 13. Nd2 Nb6 14. Qf3 O-O 15. c3
Nxe4 16. Qxe4 Qb7 17. Nf3 Nxd5 18. h4 Rab8 19. Rae1 Nf6 20. Qf4 Qd7 21. Bd2
Rfe8 22. Nh2 Qf5 23. Qxf5 gxf5 24. f3 h5 25. Re2 Kh7 26. Rfe1 Nd5 27. Nf1 Bf6
28. g3 f4 29. Re4 fxg3 30. Nxg3 Rg8 31. Kh2 Rg6 32. Nxh5 Rbg8 33. Nxf6+ Nxf6
34. R4e2 Nd5 35. Rf1 e6 36. Rff2 R8g7 37. Rg2 Rxg2+ 38. Rxg2 Rxg2+ 39. Kxg2 Kg6
40. Kg3 Kh5 41. Bg5 f6 42. Bd2 Ne7 43. Be1 Ng6 44. Kh3 Nf4+ 45. Kg3 Nd3 46. Bd2
Nxb2 47. d5 e5 48. f4 Na4 49. fxe5 fxe5 50. Be1 Nb6 51. Kf3 Nxd5 52. Ke4 Nf4
53. Bg3 Ng6 54. Bf2 Nxh4 55. Kd5 Nf5 56. Ke6 Kg4 0-1

[Event "35t. Copenhagen Open (Politiken Cup)"]
[Site "Elsinore"]
[Date "2013.07.30"]
[Round "5"]
[White "Andersen, Mads"]
[Black "Grant, Jonathan"]
[Result "1-0"]
[WhiteElo "2477"]
[BlackElo "2235"]
[PlyCount "95"]
[EventDate "2013.07.27"]
[EventType "swiss"]
[EventRounds "10"]
[EventCountry "DEN"]
[Source "ChessBase"]
[SourceDate "2013.08.26"]

1. d4 Nf6 2. c4 e6 3. Nf3 d5 4. g3 dxc4 5. Bg2 Bb4+ 6. Bd2 a5 7. Qc2 Bxd2+ 8.
Qxd2 c6 9. a4 Ne4 10. Qc2 Nd6 11. Na3 Na6 12. Nxc4 Nb4 13. Nxd6+ Qxd6 14. Qc3
O-O 15. O-O b6 16. Rfd1 Ba6 17. e4 Rac8 18. Ne5 Rfd8 19. Rd2 c5 20. d5 exd5 21.
exd5 Re8 22. Ng4 Re7 23. Ne3 Rce8 24. Bf1 Qd7 25. d6 Re5 26. Bh3 f5 27. Bf1
Bxf1 28. Rxf1 f4 29. Qc4+ Qf7 30. d7 Rd8 31. gxf4 Re6 32. f5 Rf6 33. Re1 Nc6
34. Nd5 Kf8 35. Re8+ Rxe8 36. dxe8=Q+ Qxe8 37. Nxf6 gxf6 38. Rd6 Nd4 39. Qd5
Ne2+ 40. Kf1 Nf4 41. Qf3 Qe5 42. Qa8+ Kg7 43. Rd7+ Kh6 44. Qf8+ Kh5 45. Qf7+
Kg4 46. Qg8+ Kxf5 47. Qxh7+ Kg4 48. Rg7+ 1-0

[Event "35t. Copenhagen Open (Politiken Cup)"]
[Site "Elsinore"]
[Date "2013.07.30"]
[Round "5"]
[White "Argandona Riveiro, Inigo"]
[Black "Smerdon, David"]
[Result "0-1"]
[WhiteElo "2388"]
[BlackElo "2521"]
[PlyCount "144"]
[EventDate "2013.07.27"]
[EventType "swiss"]
[EventRounds "10"]
[EventCountry "DEN"]
[Source "ChessBase"]
[SourceDate "2013.08.26"]

1. c4 e5 2. Nc3 Bb4 3. d3 Bxc3+ 4. bxc3 d6 5. Nf3 Nc6 6. e4 f5 7. exf5 Bxf5 8.
Be2 Nf6 9. Nh4 Be6 10. f4 exf4 11. Bxf4 O-O 12. O-O d5 13. Nf3 dxc4 14. Ng5 Qe7
15. Nxe6 Qxe6 16. dxc4 Rae8 17. Bf3 Qxc4 18. Qb3 Qxb3 19. axb3 Ne4 20. Bxe4
Rxe4 21. Bxc7 Re3 22. Rxf8+ Kxf8 23. Rc1 Re2 24. b4 a6 25. Rb1 Ne5 26. Kf1 Re4
27. Bxe5 Rxe5 28. Rd1 Ke7 29. Kf2 b6 30. Rd4 a5 31. Rh4 h6 32. Rg4 g5 33. Rd4
h5 34. Kf3 a4 35. b5 Rc5 36. Rxa4 Rxc3+ 37. Ke4 Rb3 38. Ra7+ Kf6 39. Rd7 Rb4+
40. Rd4 Rxb5 41. Rd6+ Ke7 42. Rh6 g4 43. h3 gxh3 44. gxh3 Kd7 45. Kf4 Kc7 46.
Rh7+ Kc6 47. Rh6+ Kb7 48. Rh7+ Ka6 49. h4 Rc5 50. Rg7 b5 51. Rg6+ Ka5 52. Rg5
Kb4 53. Rg1 Kb3 54. Rg5 Kc4 55. Rg1 b4 56. Ke3 Re5+ 57. Kf4 Rb5 58. Ke3 Re5+
59. Kf4 Rc5 60. Ke3 b3 61. Kd2 Kb4 62. Rg5 Rc2+ 63. Kd1 Rc4 64. Rg8 b2 65. Kd2
Kb3 66. Rb8+ Ka2 67. Kd3 Rc8 68. Rxc8 b1=Q+ 69. Kd2 Qb4+ 70. Kd3 Qd6+ 71. Kc3
Qg3+ 72. Kb4 Qxh4+ 0-1